Land policies for growth and poverty reduction / (Record no. 12418)

000 -LEADER
fixed length control field 00789cam a22002534a 4500
020 ## - INTERNATIONAL STANDARD BOOK NUMBER
ISBN 0821350714
040 ## - CATALOGING SOURCE
Transcribing agency DLC
082 00 - DEWEY DECIMAL CLASSIFICATION NUMBER
Classification number 333 WOR 2003 A019 Co.
100 1# - MAIN ENTRY--AUTHOR NAME
Personal name Deininger, Klaus W.,
245 10 - TITLE STATEMENT
Title Land policies for growth and poverty reduction /
260 ## - PUBLICATION, DISTRIBUTION, ETC. (IMPRINT)
Place of publication Washington, DC :
Name of publisher World Bank ;
Place of publication Oxford ;
-- New York :
Name of publisher Oxford University Press,
Year of publication c2003.
300 ## - PHYSICAL DESCRIPTION
Number of Pages xlvi, 239 p. :
Other physical details col. ill. ;
Dimensions 24 cm.
650 #0 - SUBJECT ADDED ENTRY--TOPICAL TERM
Topical Term Land tenure
650 #0 - SUBJECT ADDED ENTRY--TOPICAL TERM
Topical Term Land use
650 #0 - SUBJECT ADDED ENTRY--TOPICAL TERM
Topical Term Land reform
650 #0 - SUBJECT ADDED ENTRY--TOPICAL TERM
Topical Term Farm ownership
650 #0 - SUBJECT ADDED ENTRY--TOPICAL TERM
Topical Term Right of property
650 #0 - SUBJECT ADDED ENTRY--TOPICAL TERM
Topical Term Rural poor
650 #0 - SUBJECT ADDED ENTRY--TOPICAL TERM
Topical Term Poverty
710 2# - ADDED ENTRY--CORPORATE NAME
Corporate name or jurisdiction name as entry element World Bank.
856 41 - ELECTRONIC LOCATION AND ACCESS
Uniform Resource Identifier http://www.loc.gov/catdir/toc/fy041/2003050076.html
856 42 - ELECTRONIC LOCATION AND ACCESS
Uniform Resource Identifier http://www.loc.gov/catdir/enhancements/fy0614/2003050076-d.html
942 ## - ADDED ENTRY ELEMENTS (KOHA)
Koha item type សៀវភៅភាសាអង់គ្លេស
952 ## - LOCATION AND ITEM INFORMATION (KOHA)
Withdrawn status [LOCAL, KOHA] 0
Holdings
Permanent Location Date acquired Koha item type Lost status Shelving location Barcode Current Location Full call number
Library Block A2017-08-14សៀវភៅភាសាអង់គ្លេស A019A17272Library Block A333 WOR 2003 A019 Co.
មជ្ឈមណ្ឌលឯការនៃសាកលវិទ្យាល័យភូមិន្ទកសិកម្មចំការដូង

Powered by Koha